000 00380cam a22001217a 4500
008 180718b1951 xxu||||| |||| 00| 0 eng d
082 _aR03x42 In2
245 _aLegal problems of employment
_cby Industrial Welfare Society, U.K.
260 _aLondon
_bIndustrial Welfare Society
_c1951
300 _a72p.
650 _aProblems-Employment
700 _aU.K. Industrial Welfare Society
999 _c434066
_d434066